Differential equations in abstract spaces

Αποθηκεύτηκε σε:
Λεπτομέρειες βιβλιογραφικής εγγραφής
Κύριοι συγγραφείς: Ladas, G. E., Lakshmikantham, V., 1926- (Συγγραφέας)
Μορφή: Βιβλίο
Γλώσσα:English
Δημοσίευση: New York : Academic Press, 1972.
Σειρά:Mathematics in science and engineering 85
Θέματα:
Ετικέτες: Προσθήκη ετικέτας
Δεν υπάρχουν, Καταχωρήστε ετικέτα πρώτοι!

MARC

LEADER 00000cam a2200000 i 4500
001 1/61018
008 941103s1972 nyu| ||| |||| ||eng||
020 |a 0124326501 
035 |l 10046363 
040 |a GR-MyUA  |b gre  |e AACR2 
041 0 |a eng 
082 0 |a 515.73 
100 1 |a Ladas, G. E. 
245 1 0 |a Differential equations in abstract spaces /   |c [by] Γ. Ε. Λαδάς and V. Lakshmikantham.  
260 |a New York :   |b Academic Press,   |c 1972.  
300 |a xi, 218 σ. :   |b εικ. ;   |c 24 εκ.  
490 1 |a (Mathematics in science and engineering   |v ; 85) 
504 |a Βιβλιογραφία : σ. 211-214.  
650 0 0 |a Banach spaces. 
650 0 0 |a Differential equations. 
650 0 0 |a Nonlinear operators. 
650 0 0 |a Hilbert space. 
700 1 |a Lakshmikantham, V.,   |d 1926-  |e aut 
830 0 |a Mathematics in science and engineering  |v 85 
852 |a INST  |b SAMOS  |e 19941103  |h 515.73 LAD  |p 005300001453  |q 005300001453  |t BK  |y 0 
909 |a Σ  |b 008152